[Event "ChInt Open"]
[Site "Paris "]
[Date "2008.06.30"]
[Round "3"]
[White "Calistri, Tristan"]
[Black "Lalic, Bogdan"]
[Result "1/2-1/2"]
[WhiteElo "2352"]
[BlackElo "2514"]
[PlyCount "31"]
[EventDate "2008.06.28"]
[EventType "swiss"]
[EventRounds "9"]
[EventCountry "FRA"]
[SourceDate "2008.07.08"]

1. e4 e5 2. Nf3 Nc6 3. Bb5 Nf6 4. O-O Nxe4 5. d4 Nd6 6. Bxc6 dxc6 7. dxe5 Ne4
8. Qe2 Bf5 9. Rd1 Qc8 10. Rd4 Nc5 11. Be3 Ne6 12. Rd2 Be7 13. Nc3 O-O 14. Rad1
Rd8 15. Rxd8+ Bxd8 16. h3 1/2-1/2

[Event "ChInt Open"]
[Site "Paris "]
[Date "2008.06.30"]
[Round "3"]
[White "Quezada, Yuniesky"]
[Black "Roser, Kevin"]
[Result "1/2-1/2"]
[WhiteElo "2567"]
[BlackElo "2409"]
[PlyCount "65"]
[EventDate "2008.06.28"]
[EventType "swiss"]
[EventRounds "9"]
[EventCountry "FRA"]
[SourceDate "2008.07.08"]

1. e4 c5 2. Nf3 Nc6 3. d4 cxd4 4. Nxd4 Nf6 5. Nc3 d6 6. Bg5 Qb6 7. Nb3 e6 8.
Qd2 Be7 9. O-O-O O-O 10. f3 Rd8 11. Be3 Qc7 12. Nb5 Qb8 13. N5d4 e5 14. Nxc6
bxc6 15. Qc3 d5 16. Bc5 Bxc5 17. Nxc5 Qc7 18. Bd3 d4 19. Qa3 Qe7 20. Qa5 Nd7
21. Nb3 Nb6 22. c3 dxc3 23. Qxc3 a5 24. Kb1 Be6 25. Nc5 Rd4 26. Rc1 Na4 27.
Qxd4 exd4 28. Nxa4 Qb4 29. Nc5 a4 30. Rhd1 Qb6 31. f4 Bg4 32. Rd2 Ra5 33. Rdc2
1/2-1/2

[Event "ChInt Open"]
[Site "Paris "]
[Date "2008.07.01"]
[Round "4"]
[White "Rozentalis, Eduardas"]
[Black "Bergez, Luc"]
[Result "1/2-1/2"]
[WhiteElo "2582"]
[BlackElo "2367"]
[PlyCount "92"]
[EventDate "2008.06.28"]
[EventType "swiss"]
[EventRounds "9"]
[EventCountry "FRA"]
[SourceDate "2008.07.08"]

1. e4 d5 2. exd5 Nf6 3. d4 Nxd5 4. Nf3 Bg4 5. h3 Bh5 6. Be2 e6 7. O-O Nc6 8. c4
Nb6 9. Nbd2 Be7 10. c5 Nd5 11. Bb5 O-O 12. Bxc6 bxc6 13. Nc4 Bf6 14. Be3 Rb8
15. a3 Qc8 16. b4 Nc3 17. Qd3 Bxf3 18. Qxc3 Bd5 19. Ne5 a5 20. Ng4 Be7 21. Bf4
axb4 22. axb4 Qb7 23. Qg3 Qxb4 24. Bxc7 Rb7 25. Bd6 f5 26. Nh6+ Kh8 27. Nf7+
Kg8 28. Nh6+ Kh8 29. Nf7+ Rxf7 30. Bxe7 f4 31. Ra8+ Rb8 32. Qa3 Rxe7 33. Qxb4
Rxa8 34. Re1 Rf7 35. Re5 h6 36. Kh2 Kg8 37. h4 Ra2 38. Qe1 Rf6 39. h5 Ra8 40.
f3 Ra4 41. Qd1 Ra8 42. Qe1 Raf8 43. Kg1 Kh8 44. Qb1 Rf5 45. Rxf5 Rxf5 46. Qb8+
Kh7 1/2-1/2

[Event "ChInt Open"]
[Site "Paris "]
[Date "2008.07.01"]
[Round "4"]
[White "Onkoud, Abdelaziz"]
[Black "Jablonski, Noham"]
[Result "1-0"]
[WhiteElo "2396"]
[BlackElo "2260"]
[PlyCount "61"]
[EventDate "2008.06.28"]
[EventType "swiss"]
[EventRounds "9"]
[EventCountry "FRA"]
[SourceDate "2008.07.08"]

1. c4 Nf6 2. Nc3 e5 3. g3 d5 4. cxd5 Nxd5 5. Bg2 Nb6 6. d3 Be7 7. Nf3 Nc6 8. a3
a5 9. b3 O-O 10. Bb2 Bg4 11. Rc1 f5 12. O-O Bf6 13. Nd2 Bg5 14. Ra1 Nd4 15. h3
Bh5 16. Nc4 Nxc4 17. bxc4 c6 18. a4 Rc8 19. Ba3 Rf7 20. Ra2 Kh8 21. Qb1 b5 22.
axb5 cxb5 23. Nxb5 Nxe2+ 24. Kh2 Rf6 25. Re1 e4 26. dxe4 f4 27. e5 fxg3+ 28.
fxg3 Rf2 29. Nd6 Bh4 30. Rexe2 Bxe2 31. Rxe2 1-0

[Event "ChInt Open"]
[Site "Paris "]
[Date "2008.07.01"]
[Round "4"]
[White "Spielmann, Alain"]
[Black "Guliyev, Namig"]
[Result "1-0"]
[WhiteElo "2308"]
[BlackElo "2542"]
[PlyCount "113"]
[EventDate "2008.06.28"]
[EventType "swiss"]
[EventRounds "9"]
[EventCountry "FRA"]
[SourceDate "2008.07.08"]

1. d4 d5 2. c4 dxc4 3. Nf3 Nf6 4. e3 e6 5. Bxc4 a6 6. a4 c5 7. O-O Nc6 8. Qe2
cxd4 9. Rd1 Be7 10. exd4 O-O 11. Nc3 Nd5 12. Bd3 Ncb4 13. Bb1 b6 14. Ne5 Bb7
15. Ra3 g6 16. Bh6 Re8 17. Ne4 Bf8 18. Qd2 Qe7 19. Rg3 Bxh6 20. Qxh6 Qf8 21.
Qh4 Qg7 22. Ng4 Red8 23. Ngf6+ Kh8 24. Rh3 Nxf6 25. Nxf6 h5 26. Qg5 Rd5 27.
Nxd5 Bxd5 28. Qe5 Nc6 29. Qxg7+ Kxg7 30. Rc3 Nb4 31. f3 f5 32. Rdc1 h4 33. Rc8
h3 34. Rxa8 Bxa8 35. Rc8 Bd5 36. Rb8 hxg2 37. Rxb6 a5 38. Kxg2 g5 39. Kf2 Kf6
40. Rb5 Nc6 41. Rc5 Nxd4 42. Rxa5 Bxf3 43. b4 Bd5 44. Rc5 Ke7 45. a5 Kd6 46. a6
Nc6 47. Rxd5+ Kxd5 48. b5 Kc5 49. bxc6 Kxc6 50. Ba2 Kb6 51. Bxe6 Kxa6 52. Bxf5
Kb6 53. Kg3 Kc5 54. Kg4 Kd6 55. Kxg5 Ke7 56. Kg6 Kf8 57. Be6 1-0

[Event "ChInt Open"]
[Site "Paris "]
[Date "2008.07.01"]
[Round "4"]
[White "Peyrat, Olivier"]
[Black "Calistri, Tristan"]
[Result "1/2-1/2"]
[WhiteElo "2229"]
[BlackElo "2352"]
[PlyCount "123"]
[EventDate "2008.06.28"]
[EventType "swiss"]
[EventRounds "9"]
[EventCountry "FRA"]
[SourceDate "2008.07.08"]

1. Nf3 c5 2. c4 Nf6 3. b3 g6 4. Bb2 Bg7 5. Nc3 O-O 6. g3 b6 7. Bg2 Bb7 8. O-O
a6 9. Rc1 d6 10. d4 cxd4 11. Qxd4 Ne4 12. Qe3 Nxc3 13. Bxc3 Nd7 14. Bxg7 Kxg7
15. Rfd1 Re8 16. Rd4 Nf6 17. Rh4 h5 18. Rd4 Qc7 19. h3 Qc5 20. Rcd1 b5 21. Ne1
Bxg2 22. Nxg2 Qf5 23. Kh2 Rac8 24. Nh4 Qc5 25. Ng2 Rc7 26. Qf3 Qa3 27. cxb5
axb5 28. R4d2 Qa8 29. Ne1 Qxf3 30. exf3 Ra8 31. Re2 Kf8 32. Rdd2 Rca7 33. Kg2
Ra6 34. f4 e6 35. Rc2 Nd5 36. Nd3 Ke7 37. Kf3 Kd7 38. Red2 f5 39. Re2 R8a7 40.
Red2 Rc7 41. Rxc7+ Kxc7 42. Re2 Kd7 43. Rc2 Rc6 44. Rxc6 Kxc6 45. a3 Kb6 46.
Ne1 Kc5 47. Nc2 e5 48. fxe5 dxe5 49. h4 Nc3 50. Ke3 Nd5+ 51. Kd3 Nf6 52. Ke3
Nd5+ 53. Kd2 Nf6 54. Ke3 Nd5+ 55. Kd3 Nf6 56. a4 Ne4 57. Ke3 Nc3 58. a5 Nd5+
59. Kd3 e4+ 60. Kd2 Ne7 61. Ke3 Kc6 62. Kd4 1/2-1/2

[Event "ChInt Open"]
[Site "Paris "]
[Date "2008.07.01"]
[Round "4"]
[White "Romanov, Evgeny"]
[Black "Carlhammar, Magnus"]
[Result "1/2-1/2"]
[WhiteElo "2547"]
[BlackElo "2324"]
[PlyCount "109"]
[EventDate "2008.06.28"]
[EventType "swiss"]
[EventRounds "9"]
[EventCountry "FRA"]
[SourceDate "2008.07.08"]

1. Nf3 d5 2. d4 Nf6 3. c4 e6 4. g3 Bb4+ 5. Bd2 Be7 6. Bg2 O-O 7. O-O c6 8. Qc2
b6 9. Ne5 Bb7 10. Nc3 Nbd7 11. e4 Nxe5 12. dxe5 Nxe4 13. Nxe4 dxe4 14. Bxe4 h6
15. Be3 Qc7 16. c5 Qxe5 17. cxb6 axb6 18. Bxb6 Qb5 19. Be3 c5 20. Bxb7 Qxb7 21.
b3 Rfc8 22. a4 Bf6 23. Ra2 Bd4 24. Bd2 Rcb8 25. Rb1 Qf3 26. Be1 h5 27. a5 h4
28. Qe2 Qd5 29. Ra3 h3 30. Qf1 Qf5 31. Rd1 e5 32. Qd3 e4 33. Qe2 Qe6 34. Rb1 e3
35. f3 Qg6 36. Rd1 Qe6 37. Rd3 Rd8 38. Ra4 Rd5 39. Rc4 Rf5 40. Bc3 Re8 41. f4
Rxf4 42. gxf4 Qg6+ 43. Kf1 Qe4 44. Kg1 Re6 45. f5 Qxf5 46. Rdxd4 cxd4 47. Rxd4
Rg6+ 48. Kh1 Qg5 49. Rd1 Qc5 50. Qf3 Qxc3 51. Rd8+ Kh7 52. Qxh3+ Rh6 53. Qf5+
Rg6 54. Qh3+ Rh6 55. Qf5+ 1/2-1/2

[Event "ChInt Open"]
[Site "Paris "]
[Date "2008.07.01"]
[Round "4"]
[White "Roser, Kevin"]
[Black "Shchekachev, Andrei"]
[Result "1/2-1/2"]
[WhiteElo "2409"]
[BlackElo "2520"]
[PlyCount "77"]
[EventDate "2008.06.28"]
[EventType "swiss"]
[EventRounds "9"]
[EventCountry "FRA"]
[SourceDate "2008.07.08"]

1. e4 c5 2. Nf3 d6 3. d4 cxd4 4. Nxd4 Nf6 5. Nc3 Nc6 6. Bg5 e6 7. Qd2 a6 8.
O-O-O Be7 9. f4 Nxd4 10. Qxd4 b5 11. Be2 Bb7 12. Bf3 Rc8 13. a3 O-O 14. h4 Qc7
15. Kb1 Rfd8 16. Qe3 e5 17. fxe5 dxe5 18. Rxd8+ Rxd8 19. Bxf6 Bxf6 20. Nd5 Bxd5
21. exd5 Qe7 22. Qe4 g6 23. h5 Bg7 24. hxg6 hxg6 25. g4 Rb8 26. Rd1 Qd6 27. Rd3
Rc8 28. Qe1 f5 29. gxf5 gxf5 30. Rc3 Rxc3 31. Qxc3 e4 32. Qc8+ Qf8 33. Qe6+ Qf7
34. Bh5 Qxe6 35. dxe6 Kf8 36. Bg6 e3 37. Bh5 Ke7 38. c3 Kxe6 39. Kc2 1/2-1/2

[Event "ChInt Open"]
[Site "Paris "]
[Date "2008.07.01"]
[Round "4"]
[White "Roos, Louis"]
[Black "Shirazi, Kamran G"]
[Result "0-1"]
[WhiteElo "2357"]
[BlackElo "2448"]
[PlyCount "80"]
[EventDate "2008.06.28"]
[EventType "swiss"]
[EventRounds "9"]
[EventCountry "FRA"]
[SourceDate "2008.07.08"]

1. Nf3 Nf6 2. c4 d6 3. Nc3 g6 4. d3 Bg7 5. g3 O-O 6. Bg2 e5 7. O-O Re8 8. Rb1
a5 9. h3 h6 10. Ne1 c6 11. e4 b5 12. cxb5 cxb5 13. Nxb5 Ba6 14. a4 Nc6 15. Nc2
Rb8 16. Nca3 d5 17. exd5 Nxd5 18. Re1 Ncb4 19. Bd2 Nxd3 20. Bxa5 Qxa5 21. Qxd3
Nb6 22. b3 Qb4 23. Qe3 e4 24. Red1 Re5 25. Rd4 Qf8 26. Rbd1 Bb7 27. Nc4 Nxc4
28. Rxc4 h5 29. Rc7 Bd5 30. Bf1 Rf5 31. Rxd5 Rxd5 32. Bc4 Rf5 33. Qxe4 Qd8 34.
Rc6 Qd2 35. Qe3 Qd1+ 36. Kg2 Rd8 37. Rxg6 Rd2 38. Ra6 Qc2 39. Bxf7+ Rxf7 40.
Qe8+ Rf8 0-1

[Event "ChInt Open"]
[Site "Paris "]
[Date "2008.07.01"]
[Round "4"]
[White "Pira, Davoud"]
[Black "Almeida Quintana, Omar"]
[Result "0-1"]
[WhiteElo "2408"]
[BlackElo "2527"]
[PlyCount "50"]
[EventDate "2008.06.28"]
[EventType "swiss"]
[EventRounds "9"]
[EventCountry "FRA"]
[SourceDate "2008.07.08"]

1. c4 c5 2. Nc3 Nc6 3. g3 g6 4. Bg2 Bg7 5. a3 a5 6. d3 d6 7. Nf3 e5 8. O-O Nge7
9. Ne1 Be6 10. Nc2 d5 11. cxd5 Nxd5 12. Ne4 b6 13. Ng5 Bc8 14. Ne3 Nde7 15. Bd2
O-O 16. Bc3 h6 17. Nf3 Be6 18. Qa4 Rb8 19. Rfc1 b5 20. Qc2 Rc8 21. Be1 Nd4 22.
Qd1 Nb3 23. Bc3 Nxa1 24. Rxa1 b4 25. Bxe5 f6 0-1

[Event "ChInt Open"]
[Site "Paris "]
[Date "2008.07.01"]
[Round "4"]
[White "Payen, Arnaud"]
[Black "Romieux, Sebastien"]
[Result "1/2-1/2"]
[WhiteElo "2372"]
[BlackElo "2240"]
[PlyCount "99"]
[EventDate "2008.06.28"]
[EventType "swiss"]
[EventRounds "9"]
[EventCountry "FRA"]
[SourceDate "2008.07.08"]

1. e4 c5 2. Nf3 Nc6 3. d4 cxd4 4. Nxd4 Nf6 5. Nc3 d6 6. Bg5 e6 7. Bb5 Bd7 8.
Ba4 h6 9. Bh4 a6 10. Nxc6 Bxc6 11. Bxc6+ bxc6 12. e5 dxe5 13. Qf3 e4 14. Nxe4
Qa5+ 15. c3 Nxe4 16. Qxe4 Qd5 17. f3 Be7 18. Bxe7 Qxe4+ 19. fxe4 Kxe7 20. Rd1
Rab8 21. b3 Rb5 22. Ke2 Re5 23. Rd4 c5 24. Ra4 f5 25. Rd1 Rc8 26. Kf3 c4 27. b4
Rc6 28. Rd4 g5 29. g3 fxe4+ 30. Ke3 Rf5 31. Rxe4 Kf6 32. Rd4 Rf1 33. Ra5 Re1+
34. Kd2 Rh1 35. h4 e5 36. hxg5+ hxg5 37. Rd8 Re6 38. Rf8+ Kg6 39. Ke2 Rc1 40.
g4 Rc2+ 41. Ke1 Rxc3 42. Ra8 Re3+ 43. Kf2 Re4 44. R5xa6 Kf6 45. b5 c3 46. Rf8+
Ke7 47. Re8+ Kxe8 48. Rxe6+ Kd7 49. Rc6 Rb4 50. Rxc3 1/2-1/2

[Event "ChInt Open"]
[Site "Paris "]
[Date "2008.07.01"]
[Round "4"]
[White "Fedorchuk, Sergey A"]
[Black "Guilleux, Fabien"]
[Result "1-0"]
[WhiteElo "2671"]
[BlackElo "2391"]
[PlyCount "43"]
[EventDate "2008.06.28"]
[EventType "swiss"]
[EventRounds "9"]
[EventCountry "FRA"]
[SourceDate "2008.07.08"]

1. e4 c5 2. Nf3 d6 3. d4 cxd4 4. Nxd4 Nf6 5. Nc3 a6 6. Bc4 e6 7. Bb3 Nbd7 8.
Bg5 Nc5 9. f4 Qc7 10. Qf3 Be7 11. O-O-O b5 12. Rhe1 Bb7 13. f5 b4 14. Na4 e5
15. Nxc5 dxc5 16. Ba4+ Kf8 17. Ne6+ fxe6 18. Bxf6 gxf6 19. Rd7 Qb6 20. Qh5 Bc8
21. Qh6+ Kf7 22. Rxe7+ 1-0

[Event "ChInt Open"]
[Site "Paris "]
[Date "2008.07.01"]
[Round "4"]
[White "Mayaud, Raphael"]
[Black "Brunner, Nicolas"]
[Result "1/2-1/2"]
[WhiteElo "2201"]
[BlackElo "2404"]
[PlyCount "53"]
[EventDate "2008.06.28"]
[EventType "swiss"]
[EventRounds "9"]
[EventCountry "FRA"]
[SourceDate "2008.07.08"]

1. e4 c5 2. Nc3 Nc6 3. g3 g6 4. Bg2 Bg7 5. Nge2 d6 6. O-O e5 7. a3 Nge7 8. b4
b6 9. f4 Bb7 10. f5 f6 11. d3 Nd4 12. Nxd4 cxd4 13. Ne2 gxf5 14. exf5 Bxg2 15.
Kxg2 h5 16. c3 Qd7 17. cxd4 Nxf5 18. dxe5 dxe5 19. d4 h4 20. Qd3 Qd5+ 21. Qf3
Qxf3+ 22. Rxf3 Nxd4 23. Nxd4 exd4 24. Bb2 Rd8 25. Rd1 Kf7 26. Rxd4 Rxd4 27.
Bxd4 1/2-1/2

[Event "ChInt Open"]
[Site "Paris "]
[Date "2008.07.02"]
[Round "5"]
[White "Bergez, Luc"]
[Black "Lalic, Bogdan"]
[Result "1/2-1/2"]
[WhiteElo "2367"]
[BlackElo "2514"]
[PlyCount "29"]
[EventDate "2008.06.28"]
[EventType "swiss"]
[EventRounds "9"]
[EventCountry "FRA"]
[SourceDate "2008.07.08"]

1. d4 Nf6 2. c4 e6 3. Nf3 b6 4. e3 Bb7 5. Be2 d5 6. O-O dxc4 7. Bxc4 a6 8. Nc3
c5 9. Qe2 b5 10. Bb3 Nbd7 11. Rd1 Qb8 12. e4 cxd4 13. Nxd4 Bd6 14. h3 O-O 15.
a3 1/2-1/2

[Event "ChInt Open"]
[Site "Paris "]
[Date "2008.07.02"]
[Round "5"]
[White "Calistri, Tristan"]
[Black "Spielmann, Alain"]
[Result "0-1"]
[WhiteElo "2352"]
[BlackElo "2308"]
[PlyCount "38"]
[EventDate "2008.06.28"]
[EventType "swiss"]
[EventRounds "9"]
[EventCountry "FRA"]
[SourceDate "2008.07.08"]

1. e4 d6 2. d4 Nf6 3. Nc3 g6 4. Be3 c6 5. h3 Nbd7 6. Nf3 e5 7. dxe5 Nxe5 8. Nd4
Bg7 9. Qd2 O-O 10. O-O-O d5 11. Nb3 b5 12. Bc5 Nc4 13. Bxc4 bxc4 14. Nd4 Nxe4
15. Nxe4 dxe4 16. Bxf8 Qxf8 17. Qa5 c3 18. Nxc6 Bf6 19. Qa3 cxb2+ 0-1

[Event "ChInt Open"]
[Site "Paris "]
[Date "2008.07.02"]
[Round "5"]
[White "Romieux, Sebastien"]
[Black "Romanov, Evgeny"]
[Result "1-0"]
[WhiteElo "2240"]
[BlackElo "2547"]
[PlyCount "79"]
[EventDate "2008.06.28"]
[EventType "swiss"]
[EventRounds "9"]
[EventCountry "FRA"]
[SourceDate "2008.07.08"]

1. e4 e5 2. Nf3 Nc6 3. Bb5 a6 4. Ba4 Nf6 5. O-O Be7 6. Re1 b5 7. Bb3 d6 8. c3
O-O 9. d4 Bg4 10. d5 Na5 11. Bc2 c6 12. h3 Bh5 13. dxc6 Qc7 14. Nbd2 Rad8 15.
Qe2 Nxc6 16. Nf1 b4 17. Ng3 Bg6 18. Nh4 bxc3 19. bxc3 d5 20. Nxg6 hxg6 21. exd5
Nxd5 22. Qc4 Nxc3 23. Qxc3 Bb4 24. Qe3 Nd4 25. Bb3 Bxe1 26. Qxe1 Nxb3 27. axb3
Qc2 28. Be3 f5 29. Bg5 Rd5 30. Kh2 e4 31. Rxa6 f4 32. Nxe4 f3 33. Nf6+ Rxf6 34.
Bxf6 fxg2 35. Qe6+ Kh7 36. Qxd5 Qxf2 37. Qxg2 Qf4+ 38. Kh1 Qc1+ 39. Qg1 Qc8 40.
Ra2 1-0

[Event "ChInt Open"]
[Site "Paris "]
[Date "2008.07.02"]
[Round "5"]
[White "Peyrat, Olivier"]
[Black "Roos, Louis"]
[Result "0-1"]
[WhiteElo "2229"]
[BlackElo "2357"]
[PlyCount "64"]
[EventDate "2008.06.28"]
[EventType "swiss"]
[EventRounds "9"]
[EventCountry "FRA"]
[SourceDate "2008.07.08"]

1. Nf3 c5 2. c4 Nc6 3. Nc3 g6 4. g3 Bg7 5. Bg2 e5 6. d3 Nge7 7. Bg5 f6 8. Be3
d6 9. O-O O-O 10. a3 a5 11. Rb1 Be6 12. Ne1 h6 13. b3 f5 14. Nd5 Rb8 15. Nc2 b5
16. Nxe7+ Nxe7 17. cxb5 Rxb5 18. b4 axb4 19. axb4 Ba2 20. Ra1 Bb3 21. bxc5 f4
22. cxd6 Qxd6 23. Bd2 Rc8 24. Rc1 Kh7 25. Be4 Qe6 26. d4 exd4 27. Bd3 Rh5 28.
Bxf4 Nd5 29. Qd2 Nxf4 30. Qxf4 Qh3 31. g4 Be5 32. Bxg6+ Kg7 0-1

[Event "ChInt Open"]
[Site "Paris "]
[Date "2008.07.02"]
[Round "5"]
[White "Shchekachev, Andrei"]
[Black "Onkoud, Abdelaziz"]
[Result "1/2-1/2"]
[WhiteElo "2520"]
[BlackElo "2396"]
[PlyCount "52"]
[EventDate "2008.06.28"]
[EventType "swiss"]
[EventRounds "9"]
[EventCountry "FRA"]
[SourceDate "2008.07.08"]

1. Nf3 d5 2. d4 Nf6 3. c4 c6 4. Nc3 dxc4 5. a4 e6 6. e3 c5 7. Bxc4 cxd4 8. exd4
Be7 9. O-O O-O 10. Re1 Nc6 11. Bg5 Nb4 12. Qe2 Bd7 13. Ne5 Rc8 14. Rad1 Nfd5
15. Nxd5 exd5 16. Nxf7 Rxf7 17. Bxe7 Rxe7 18. Qxe7 Qxe7 19. Rxe7 Bxa4 20. b3
dxc4 21. bxa4 c3 22. Re2 c2 23. Rc1 Rc3 24. h3 Rd3 25. Rexc2 Nxc2 26. Rxc2 Rxd4
1/2-1/2

[Event "ChInt Open"]
[Site "Paris "]
[Date "2008.07.02"]
[Round "5"]
[White "Carlhammar, Magnus"]
[Black "Bernard, Christophe"]
[Result "1/2-1/2"]
[WhiteElo "2324"]
[BlackElo "2361"]
[PlyCount "118"]
[EventDate "2008.06.28"]
[EventType "swiss"]
[EventRounds "9"]
[EventCountry "FRA"]
[SourceDate "2008.07.08"]

1. d4 Nf6 2. Nf3 g6 3. g3 Bg7 4. Bg2 O-O 5. O-O d6 6. c4 c6 7. Nc3 Qa5 8. e4
Bg4 9. h3 Bxf3 10. Qxf3 e5 11. Be3 Nbd7 12. Rfd1 Rfe8 13. d5 cxd5 14. Nxd5 Nxd5
15. Rxd5 Qc7 16. Rad1 Qxc4 17. Rxd6 Nf8 18. Rc1 Qxa2 19. Rc7 Rec8 20. Rxb7 Rcb8
21. Rc7 Rc8 22. Rdc6 Rxc7 23. Rxc7 Rd8 24. Rxa7 Qb1+ 25. Kh2 Rd7 26. Rxd7 Nxd7
27. Qe2 Nf8 28. Qb5 h5 29. Bf1 Qxe4 30. Bc4 h4 31. g4 Qf3 32. Bf1 e4 33. Bg2
Qf6 34. b4 Qd6+ 35. Kg1 Bc3 36. Bxe4 Bxb4 37. Qg5 Ne6 38. Qxh4 Bd2 39. Qf6 Bxe3
40. fxe3 Qg3+ 41. Bg2 Qxe3+ 42. Qf2 Qe5 43. Qf3 Nf4 44. Bf1 g5 45. Kh1 Kg7 46.
Kg1 Qe1 47. Kh2 Qd2+ 48. Kg1 Qc1 49. Kh2 Kf6 50. Kg1 Ke5 51. Kh2 Qe1 52. Kg1
Kd4 53. Qf2+ Qe3 54. Bg2 Ne2+ 55. Kf1 Ng3+ 56. Kg1 Kd3 57. Qxe3+ Kxe3 58. Bc6
Ne2+ 59. Kg2 Nf4+ 1/2-1/2

[Event "ChInt Open"]
[Site "Paris "]
[Date "2008.07.02"]
[Round "5"]
[White "Vachier Lagrave, Maxime"]
[Black "Kosteniuk, Alexandra"]
[Result "1-0"]
[WhiteElo "2632"]
[BlackElo "2523"]
[PlyCount "169"]
[EventDate "2008.06.28"]
[EventType "swiss"]
[EventRounds "9"]
[EventCountry "FRA"]
[SourceDate "2008.07.08"]

1. e4 e5 2. Nf3 Nc6 3. Bb5 a6 4. Ba4 Nf6 5. O-O Be7 6. Re1 b5 7. Bb3 O-O 8. c3
d5 9. exd5 Nxd5 10. Nxe5 Nxe5 11. Rxe5 c6 12. d4 Bd6 13. Re1 Qh4 14. g3 Qh3 15.
Re4 g5 16. Qf1 Qh5 17. Nd2 Bf5 18. f3 Kh8 $5 $146 (18... Nf6 {
Shomoev,A-Grischuk,A/RUS-chT Dagomys 2008 (7)/0-1}) 19. Re1 Nf4 20. Ne4 Bh3 21.
Bxf4 Bxf1 22. Bxd6 Bc4 23. Be5+ f6 24. Nxf6 Rxf6 25. Bxf6+ Kg8 26. Re5 h6 27.
Re7 Bxb3 28. axb3 Kf8 29. Rh7 Re8 30. Bg7+ Kg8 31. Rxh6 Qf7 32. Be5 Qxb3 33.
Rxc6 Qxb2 34. Rg6+ Kf7 35. Rf6+ Ke7 36. Raxa6 Qc1+ 37. Kg2 Qd2+ 38. Kh3 g4+ 39.
Kxg4 Rg8+ 40. Rg6 Rxg6+ 41. Rxg6 Qxc3 42. h4 b4 43. h5 b3 44. Rg7+ Ke6 45. h6
b2 46. h7 Qc8 47. Rg8 b1=Q 48. Rxc8 Qf5+ 49. Kh4 Qxh7+ 50. Kg5 Qf5+ 51. Kh6
Qxf3 52. Rd8 Ke7 53. Rd6 Qf8+ 54. Kg5 Qg8+ 55. Rg6 Qa2 56. Rf6 Qg8+ 57. Kf4 Qa2
58. g4 Qc4 59. Kg5 Qg8+ 60. Rg6 Qc4 61. Kh6 Kf7 62. Rg7+ Kf8 63. Bd6+ Ke8 64.
Re7+ Kd8 65. Bc5 Qg8 66. g5 Qh8+ 67. Rh7 Qg8 68. g6 Qe6 69. Rf7 Qh3+ 70. Kg7
Qg2 71. Re7 Qg4 72. Re5 Kd7 73. Re3 Kc6 74. Re5 Kd7 75. d5 Qc4 76. Be7 Qc8 77.
Bf6 Kd6 78. Kf7 Qb7+ 79. Kf8 Qc8+ 80. Re8 Qf5 81. Re6+ Kd7 82. g7 Qxd5 83. Re7+
Kd6 84. g8=Q Qf5 85. Qg3+ 1-0

[Event "ChInt Open"]
[Site "Paris "]
[Date "2008.07.02"]
[Round "5"]
[White "Quezada, Yuniesky"]
[Black "Malakhatko, Vadim"]
[Result "1/2-1/2"]
[WhiteElo "2567"]
[BlackElo "2621"]
[PlyCount "69"]
[EventDate "2008.06.28"]
[EventType "swiss"]
[EventRounds "9"]
[EventCountry "FRA"]
[SourceDate "2008.07.08"]

1. e4 e6 2. d4 d5 3. Nc3 Bb4 4. e5 Ne7 5. a3 Bxc3+ 6. bxc3 c5 7. Qg4 O-O 8. Bd3
f5 9. exf6 Rxf6 10. Bg5 Rf7 11. Qh5 g6 12. Qd1 Nbc6 13. Nf3 Qf8 14. O-O c4 15.
Be2 h6 16. Bc1 Bd7 17. a4 Rd8 18. Qd2 Kh7 19. Ba3 Bc8 20. Ne5 Nxe5 21. dxe5 Qe8
22. f4 Qc6 23. Bxe7 Rxe7 24. Qd4 Rc7 25. Rfb1 Qc5 26. a5 Kg7 27. g3 Rf8 28. Bg4
Rff7 29. Qxc5 Rxc5 30. Kf2 Rc6 31. Ke3 Kf8 32. Kd4 Ke7 33. h4 h5 34. Be2 Rf8
35. Rb5 1/2-1/2

[Event "ChInt Open"]
[Site "Paris "]
[Date "2008.07.02"]
[Round "5"]
[White "Shoker, Samy"]
[Black "Rozentalis, Eduardas"]
[Result "0-1"]
[WhiteElo "2377"]
[BlackElo "2582"]
[PlyCount "116"]
[EventDate "2008.06.28"]
[EventType "swiss"]
[EventRounds "9"]
[EventCountry "FRA"]
[SourceDate "2008.07.08"]

1. g3 d5 2. Bg2 e5 3. d3 Nf6 4. Nd2 Nc6 5. a3 a5 6. b3 h5 7. h4 Ng4 8. e3 g6 9.
Bb2 Bg7 10. Ne2 O-O 11. Rb1 f5 12. d4 exd4 13. exd4 Bh6 14. Nf4 Bxf4 15. gxf4
Re8+ 16. Kf1 Qd6 17. Qf3 Re4 18. Nxe4 fxe4 19. Qg3 Ne7 20. Bc1 Nf5 21. Qc3 Ra6
22. Rh3 Rc6 23. Qd2 Qf6 24. c4 Qxd4 25. Qxd4 Nxd4 26. Be3 Nf3 27. Rxf3 exf3 28.
Bxf3 Nh2+ 29. Ke2 Nxf3 30. cxd5 Rd6 31. Kxf3 Bg4+ 32. Kg3 Rxd5 33. Rc1 Rd7 34.
Rc3 Kf7 35. Ba7 Ke7 36. Re3+ Kd8 37. Bc5 b6 38. Bf8 c5 39. b4 cxb4 40. axb4 a4
41. Ra3 Ke8 42. Bh6 b5 43. f3 Bf5 44. Re3+ Kf7 45. Bg5 Ra7 46. Ra3 Ke6 47. Kf2
Kd5 48. Rc3 a3 49. Bf6 a2 50. Rc5+ Ke6 51. Ba1 Rd7 52. Ke2 Kf7 53. Rc1 Bd3+ 54.
Ke3 Bc4 55. Bd4 Re7+ 56. Be5 Ra7 57. Bc3 Ra3 58. Kd4 Ke6 0-1

[Event "ChInt Open"]
[Site "Paris "]
[Date "2008.07.02"]
[Round "5"]
[White "Pile, Richard"]
[Black "Payen, Arnaud"]
[Result "0-1"]
[WhiteElo "2318"]
[BlackElo "2372"]
[PlyCount "92"]
[EventDate "2008.06.28"]
[EventType "swiss"]
[EventRounds "9"]
[EventCountry "FRA"]
[SourceDate "2008.07.08"]

1. c4 Nf6 2. Nc3 c5 3. g3 e6 4. Bg2 d5 5. Qb3 Nc6 6. cxd5 Nd4 7. Qd1 exd5 8. e3
Nc6 9. d4 cxd4 10. exd4 Bb4 11. Nge2 O-O 12. O-O h6 13. Qb3 Bg4 14. Be3 Qd7 15.
Rfc1 Bxe2 16. Nxe2 Ba5 17. Nf4 Ne7 18. Bh3 Qd6 19. Nd3 Bb6 20. Bf4 Qd8 21. Nc5
Nc6 22. Qa4 Bxc5 23. dxc5 Ne4 24. Bg2 Qf6 25. Rab1 Nd4 26. Re1 Ne6 27. Bxe4
dxe4 28. Bd6 Ng5 29. Rxe4 Qf3 30. Rh4 Qf5 31. Rf1 Nf3+ 32. Kg2 Nxh4+ 33. Qxh4
Rfe8 34. Qc4 Re4 35. Qb3 Qd7 36. Qd5 Rae8 37. Rd1 Qb5 38. b3 Re1 39. Rd3 Qa6
40. a4 Rb1 41. Bf4 Ree1 42. Qd8+ Kh7 43. Qd5 Qg6 44. Re3 Rg1+ 45. Kf3 f5 46.
Ke2 Rbe1+ 0-1

[Event "ChInt Open"]
[Site "Paris "]
[Date "2008.07.03"]
[Round "6"]
[White "Grover, Sahaj"]
[Black "Guilleux, Fabien"]
[Result "1/2-1/2"]
[WhiteElo "2300"]
[BlackElo "2391"]
[PlyCount "107"]
[EventDate "2008.06.28"]
[EventType "swiss"]
[EventRounds "9"]
[EventCountry "FRA"]
[SourceDate "2008.07.08"]

1. e4 c5 2. Nf3 d6 3. d4 cxd4 4. Nxd4 Nf6 5. Nc3 Nc6 6. Bg5 Bd7 7. Qd2 Rc8 8.
f4 h6 9. Bxf6 gxf6 10. Nf5 Qa5 11. Bd3 Nb4 12. a3 Rg8 13. g3 Nxd3+ 14. Qxd3 e6
15. Ne3 Rxc3 16. bxc3 Bb5 17. Qd4 Be7 18. Kf2 Bc6 19. Rhd1 Qh5 20. Nf1 f5 21.
exf5 Qxf5 22. Qxa7 Qxc2+ 23. Rd2 Qxc3 24. Qb8+ Bd8 25. Rad1 Qf3+ 26. Ke1 Bb5
27. Rf2 Qe4+ 28. Kd2 Ke7 29. Qa7 Ba6 30. Kc1 Qa4 31. Qe3 Qa5 32. Rb2 Kd7 33.
Nd2 Be7 34. Nf3 Rc8+ 35. Rc2 Rxc2+ 36. Kxc2 d5 37. f5 Qa4+ 38. Qb3 Qe4+ 39. Kc1
Qxf5 40. Nd4 Bg5+ 41. Kb2 Bf6 42. Qa4+ Ke7 43. Qb4+ Ke8 44. Rd2 Qe4 45. Qc5 Be5
46. Kc1 Kd7 47. Nb5 Qe1+ 48. Kc2 Qa1 49. Nc3 Bd6 50. Qf2 Ke7 51. Qe3 Bc4 52.
Qb6 Ba6 53. Qe3 Bc4 54. Qb6 1/2-1/2